000
00332nam a2200133Ia 4500
008
230818s2003 xx 000 0 und d
041
_a
eng
100
_a
Kushel
245
_a
The inside track to successful Managment
260
_b
Viva books Mumbai
_c
2003
300
_a
304p
520
_a
General
999
_c
851845
_d
851845
650
_a
Marketing Management